[Event "AUTO-OPEN-4559"]
[Site "http://www.queenalice.com/game.php?id=1846984"]
[Date "2024.11.10"]
[Round "1"]
[White "Alexandrovinsk"]
[Black "Jomaley"]
[Result "1-0"]
[WhiteElo "2233"]
[BlackElo "1498"]

1. e4 e5 2. Nf3 Qf6 3. Nc3 c6 4. d4 exd4 5. Nxd4 c5 6. Ndb5 Na6 7. f4 g6 8. Nd5
Qe6 9. Ndc7+ Nxc7 10. Nxc7+ Ke7 11. Nxe6 fxe6 12. Bc4 Nf6 13. e5 Ne4 14. Bd3 a5
15. Bxe4 Bh6 16. Qd6+ Kd8 17. Be3 Bf8 18. Qb6+ Ke8 19. Bxc5 Bxc5 20. Qxc5 Ra6
21. Qxc8+ 1-0

[Event "AUTO-ELITE-2560"]
[Site "http://www.queenalice.com/game.php?id=1847079"]
[Date "2024.11.12"]
[Round "1"]
[White "Alexandrovinsk"]
[Black "Marini"]
[Result "0-1"]
[WhiteElo "2199"]
[BlackElo "2397"]

1. e4 Nc6 2. Nf3 Nf6 3. Nc3 d5 4. e5 d4 5. Nb5 Ng4 6. c3 Ngxe5 7. Nbxd4 Bg4 8.
Nxc6 bxc6 9. Be2 Nd3+ 10. Bxd3 Qxd3 11. Qe2 Qxe2+ 12. Kxe2 f6 13. d4 c5 14. dxc5
e5 15. h3 Bh5 16. g4 Bf7 17. Be3 Bc4+ 18. Ke1 a5 19. Nd2 Be6 20. a4 h5 21. g5
Be7 22. gxf6 gxf6 23. b4 Rg8 24. Ke2 Kf7 25. f3 Bd7 26. h4 axb4 27. cxb4 Rxa4
28. Rxa4 Bxa4 29. Kf2 Rb8 30. Rb1 f5 31. Nc4 Bxh4+ 32. Kg2 Bf6 33. f4 e4 34. Bd2
Bb5 35. Ne5+ Ke6 36. Bc3 Rg8+ 37. Kh3 Rg4 0-1

[Event "AUTO-ELITE-2560"]
[Site "http://www.queenalice.com/game.php?id=1847080"]
[Date "2024.11.12"]
[Round "1"]
[White "Marini"]
[Black "Alexandrovinsk"]
[Result "1-0"]
[WhiteElo "2390"]
[BlackElo "2211"]

1. e4 c5 2. Nf3 d6 3. c3 Nf6 4. Bc4 Nc6 5. Qe2 e5 6. Ng5 d5 7. exd5 Nxd5 8. Qh5
g6 9. Qf3 Qxg5 10. Bxd5 Nd8 11. O-O Qf5 12. Re1 Qxf3 13. Rxe5+ Be6 14. Bxf3 Rb8
15. d3 Bg7 16. Rxc5 O-O 17. Na3 a6 18. d4 Re8 19. Bf4 Rc8 20. Rxc8 Bxc8 21. Nc4
Ne6 22. Nd6 Rd8 23. Bg3 a5 24. Nxc8 Rxc8 25. Bxb7 Re8 26. Re1 Rd8 27. d5 Nc5 28.
Bc6 Nd3 29. Re2 Bf8 30. Bc7 Rc8 31. Bxa5 Bd6 32. b4 Ne5 33. b5 Nc4 34. Bb4 Bxb4
35. cxb4 1-0

[Event "AUTO-ELITE-2560"]
[Site "http://www.queenalice.com/game.php?id=1847081"]
[Date "2024.11.12"]
[Round "1"]
[White "Alexandrovinsk"]
[Black "Donidon"]
[Result "1-0"]
[WhiteElo "2156"]
[BlackElo "2227"]

1. e4 e5 2. Nf3 Nc6 3. d4 exd4 4. Nxd4 d6 5. Bb5 Bd7 6. Nxc6 Bxc6 7. Bxc6+ bxc6
8. O-O Nf6 9. Re1 Be7 10. Nc3 O-O 11. b3 Re8 12. Bb2 Bf8 13. Qd3 a5 14. a4 d5
15. exd5 cxd5 16. Rxe8 Qxe8 17. Nxd5 Nxd5 18. Qxd5 c6 19. Qc4 c5 20. h4 Rd8 21.
h5 h6 22. Qc3 Ra8 23. Re1 Qd7 24. Qf3 Rb8 25. Bc3 Qc7 26. Qg4 Rd8 27. Re3 c4 28.
Qxc4 Rd1+ 29. Re1 Rxe1+ 30. Bxe1 Qe5 31. Qc3 Qxh5 32. Qxa5 Qe2 33. Qd2 Qa6 34.
c4 Qd6 35. Qxd6 Bxd6 36. b4 Kf8 37. c5 Bc7 38. b5 Ke7 39. b6 Bb8 40. a5 Kd7 41.
a6 Kc8 42. c6 Be5 43. a7 1-0

[Event "AUTO-ELITE-2560"]
[Site "http://www.queenalice.com/game.php?id=1847082"]
[Date "2024.11.12"]
[Round "1"]
[White "Donidon"]
[Black "Alexandrovinsk"]
[Result "0-1"]
[WhiteElo "2227"]
[BlackElo "2221"]

1. e4 c5 2. Nf3 d6 3. d4 cxd4 4. Nxd4 Nf6 5. Nc3 a6 6. Bc4 Qc7 7. Bb3 b5 8. O-O
Nc6 9. Be3 e6 10. Qf3 Nxd4 11. Bxd4 Be7 12. e5 Bb7 13. exd6 Bxd6 14. h3 Bxf3 0-1

[Event "AUTO-MASTER-3239"]
[Site "http://www.queenalice.com/game.php?id=1847439"]
[Date "2024.11.19"]
[Round "1"]
[White "andrevillares"]
[Black "Alexandrovinsk"]
[Result "1-0"]
[WhiteElo "1985"]
[BlackElo "2174"]

1. d4 Nf6 2. c4 e6 3. Nf3 d5 4. Nc3 c6 5. cxd5 exd5 6. Bg5 Be7 7. e3 Bg4 8. Be2
Bxf3 9. Bxf3 O-O 10. O-O Nbd7 11. Re1 Ne4 12. Bxe7 Qxe7 13. Qc2 Nxc3 14. bxc3
Qe6 15. e4 dxe4 16. Bxe4 Qh6 17. Re3 g6 18. Rb1 Rab8 19. Rh3 Qg5 20. Re1 f5 21.
Qb3+ Kg7 22. Bd3 Nb6 23. Rhe3 Nd5 24. Rg3 Qf6 25. Bc4 1-0

[Event "AUTO-MASTER-3239"]
[Site "http://www.queenalice.com/game.php?id=1847440"]
[Date "2024.11.19"]
[Round "1"]
[White "Alexandrovinsk"]
[Black "andrevillares"]
[Result "0-1"]
[WhiteElo "2193"]
[BlackElo "1960"]

1. e4 c6 2. Nc3 d5 3. Nf3 dxe4 4. Nxe4 Bf5 5. Ng3 Bg6 6. h4 h6 7. h5 Bh7 8. d4
Nd7 9. Bd3 Bxd3 10. Qxd3 Ngf6 11. O-O e6 12. Re1 Be7 13. Bd2 O-O 14. c4 Re8 15.
Rad1 c5 16. d5 exd5 17. cxd5 Bd6 18. Nf5 Ne5 19. Nxe5 Bxe5 20. Bc3 Bxc3 21.
Rxe8+ Qxe8 22. bxc3 Rd8 23. c4 Kf8 24. Qf3 Qe5 25. a4 b6 26. g4 Ne4 0-1

[Event "AUTO-MASTER-3239"]
[Site "http://www.queenalice.com/game.php?id=1847451"]
[Date "2024.11.19"]
[Round "1"]
[White "Magnaroc"]
[Black "Alexandrovinsk"]
[Result "0-1"]
[WhiteElo "1951"]
[BlackElo "2239"]

1. e4 c5 2. Nf3 d6 3. Bb5+ Nd7 4. d4 cxd4 5. Nxd4 Nf6 6. Nc3 a6 7. Bxd7+ Qxd7 8.
Bg5 Qg4 9. Qxg4 Bxg4 10. Bxf6 gxf6 11. f3 Bd7 12. Nd5 O-O-O 13. Nb6+ Kc7 14.
Nxd7 Kxd7 15. O-O-O e6 16. Nb3 b6 17. Kb1 Kc6 18. h3 Be7 19. Nd4+ Kc7 20. Rd3 d5
21. exd5 Rxd5 0-1

[Event "AUTO-MASTER-3239"]
[Site "http://www.queenalice.com/game.php?id=1847452"]
[Date "2024.11.19"]
[Round "1"]
[White "Alexandrovinsk"]
[Black "Magnaroc"]
[Result "1-0"]
[WhiteElo "2235"]
[BlackElo "1956"]

1. e4 e5 2. Nf3 Nc6 3. d4 exd4 4. Nxd4 Bc5 5. Nb3 Bb6 6. Bc4 Ne5 7. Be2 Qf6 8.
O-O d6 9. Nc3 Be6 10. a4 a5 11. Nd5 Bxd5 12. exd5 Qd8 13. Kh1 Nf6 14. f4 Ned7
15. Bf3 O-O 16. c4 Re8 17. Re1 Rxe1+ 18. Qxe1 Qe8 19. Bd2 1-0

[Event "AUTO-MASTER-3239"]
[Site "http://www.queenalice.com/game.php?id=1847459"]
[Date "2024.11.19"]
[Round "1"]
[White "Alexandrovinsk"]
[Black "alvm"]
[Result "1-0"]
[WhiteElo "2147"]
[BlackElo "2090"]

1. d4 Nf6 2. Bf4 c5 3. e3 g6 4. Nf3 Bg7 5. Be2 O-O 6. h3 cxd4 7. exd4 d5 8. O-O
Nc6 9. c3 a6 10. Re1 b5 11. Bd3 Bb7 12. a3 Re8 13. Nbd2 e6 14. Qe2 Rc8 15. Ne5
Nh5 16. Bh2 Nb8 17. Ndf3 Nd7 18. g4 Nhf6 19. Rad1 Ne4 20. Nxd7 Qxd7 21. Ne5 Qe7
22. f3 Nd6 23. Bg3 f6 24. Nxg6 hxg6 25. Bxg6 Nf7 26. Bf5 Rc6 27. Bb1 e5 28. Qd3
Re6 29. Qh7+ Kf8 30. h4 e4 31. fxe4 dxe4 32. b4 Ba8 33. d5 Rb6 34. Rxe4 Qd7 35.
Rxe8+ Qxe8 36. Qf5 Nd6 37. Qf4 Nc4 38. g5 Kg8 39. Re1 Qd8 40. Qg4 fxg5 41. Qh5
Nd6 42. Bxd6 Qxd6 43. Re8+ Bf8 44. Qh7# 1-0

[Event "AUTO-MASTER-3239"]
[Site "http://www.queenalice.com/game.php?id=1847460"]
[Date "2024.11.19"]
[Round "1"]
[White "alvm"]
[Black "Alexandrovinsk"]
[Result "1-0"]
[WhiteElo "2014"]
[BlackElo "2217"]

1. d4 Nf6 2. c4 e6 3. Nf3 b6 4. Nc3 Bb7 5. g3 Be7 6. Bg2 d5 7. O-O Nbd7 8. Bg5
O-O 9. Rc1 dxc4 10. Bf4 a6 11. Qc2 c5 12. dxc5 Nxc5 13. Rfd1 Qc8 14. a4 Nb3 15.
Rb1 b5 16. axb5 axb5 17. Nxb5 Be4 18. Qc3 Bxb1 19. Rxb1 Nd5 20. Qc2 Nxf4 21.
gxf4 Ra5 22. Nc3 Bf6 23. Ne4 Qa6 24. Nfg5 Bxg5 25. Nxg5 1-0

[Event "AUTO-MASTER-3230"]
[Site "http://www.queenalice.com/game.php?id=1848305"]
[Date "2024.12.4"]
[Round "2"]
[White "BeatifulDevil56"]
[Black "Alexandrovinsk"]
[Result "0-1"]
[WhiteElo "2233"]
[BlackElo "2204"]

1. c4 Nf6 2. Nc3 g6 3. Nf3 Bg7 4. d3 O-O 5. e4 d6 6. d4 c5 7. d5 Na6 8. a3 Nc7
9. Bd3 a6 10. O-O e5 11. b4 b6 12. h3 Nh5 13. Rb1 Nf4 14. bxc5 bxc5 15. Bxf4
exf4 16. Ne2 g5 17. Qd2 Qe7 18. Bc2 h5 19. e5 Bxe5 20. Qd3 f5 21. Nxe5 Qxe5 22.
h4 Qg7 23. hxg5 Qxg5 24. Qh3 f3 25. Qg3 Qxg3 26. Nxg3 h4 27. Nxf5 Bxf5 0-1

[Event "AUTO-MASTER-3230"]
[Site "http://www.queenalice.com/game.php?id=1848306"]
[Date "2024.12.4"]
[Round "2"]
[White "Alexandrovinsk"]
[Black "BeatifulDevil56"]
[Result "0-1"]
[WhiteElo "2223"]
[BlackElo "2258"]

1. e4 e6 2. d3 d5 3. Qe2 Be7 4. g3 c5 5. Bg2 Nc6 6. exd5 exd5 7. Nf3 h6 8. O-O
Nf6 9. Nc3 O-O 10. Bf4 g5 11. Bd2 Re8 12. Rfe1 Nd4 13. Nxd4 cxd4 14. Nd1 Bb4 15.
Qxe8+ Nxe8 0-1

[Event "AUTO-MASTER-3230"]
[Site "http://www.queenalice.com/game.php?id=1848307"]
[Date "2024.12.4"]
[Round "2"]
[White "CCapivara"]
[Black "Alexandrovinsk"]
[Result "0-1"]
[WhiteElo "2221"]
[BlackElo "2240"]

1. e4 c5 2. Nf3 d6 3. d4 cxd4 4. Nxd4 Nf6 5. Nc3 a6 6. Bg5 Nbd7 7. f4 Qc7 8. Qf3
b5 9. O-O-O Bb7 10. g4 b4 11. Nd5 Nxd5 12. exd5 h6 13. Bh4 g5 14. fxg5 hxg5 15.
Bxg5 Ne5 16. Be2 Nxf3 0-1

[Event "AUTO-MASTER-3230"]
[Site "http://www.queenalice.com/game.php?id=1848308"]
[Date "2024.12.4"]
[Round "2"]
[White "Alexandrovinsk"]
[Black "CCapivara"]
[Result "0-1"]
[WhiteElo "2243"]
[BlackElo "2224"]

1. d4 d6 2. Bf4 c6 3. e4 Nf6 4. Nc3 Qa5 5. Bd3 e5 6. dxe5 dxe5 7. Bd2 Qc7 8. Nf3
Be7 9. O-O O-O 10. Ne2 Bg4 11. Ng3 Nbd7 12. h3 Be6 13. Ng5 Nc5 14. Nxe6 Nxe6 15.
Nf5 Rfd8 16. Qf3 g6 17. Nxe7+ Qxe7 18. Bg5 Nxg5 0-1